The unlucky snake
| Main Author: | |
|---|---|
| Format: | Book |
| Published: |
P.Jaya :
Eddiplex ,
1995
|
| Series: | Warga rimba series
|
| Subjects: |
MARC
| LEADER | 00000cam a2200000 7i4500 | ||
|---|---|---|---|
| 001 | 0000006219 | ||
| 002 | 000006710 | ||
| 005 | .0 | ||
| 020 | |a 983880200x | ||
| 090 | 0 | 0 | |a JF |b KEL |
| 100 | 0 | |a Kelembai | |
| 245 | 1 | 4 | |a The unlucky snake |c story & illustration by Kelembai |
| 260 | |a P.Jaya : |b Eddiplex , |c 1995 | ||
| 300 | |a 23p. : |b ill. ; |c 24cm. | ||
| 490 | 0 | |a Warga rimba series | |
| 650 | 0 | 0 | |a Children's stories |
| 999 | |a 038648 |b BUKU |c PINJAMAN |e PERPUSTAKAAN KOMUNITI PETALING JAYA | ||
| 999 | |a 038649 |b BUKU |c PINJAMAN |e PERPUSTAKAAN KOMUNITI PETALING JAYA | ||